000 00339nam a22001457a 4500
003 OSt
005 20160727222348.0
008 160621b xxu||||| |||| 00| 0 eng d
040 _cTEST
100 _9319
_aMichel, S
245 _aThe Radiant Way. Primer
260 _aN.D
_bAllied
_c1990
300 _aThe Radiant Way. Primer
942 _2ddc
_cBK
999 _c258
_d258